000 00925cam a2200349 a 4500
001 000008493
003 DO-SdBNP
005 20221019092114.0
007 ta
008 971017s2021 ck 001 p spa
020 _a9789945929652
040 _aDO-SdBNP
_bspa
_cBNPHU
082 _axxx
_bO771t
_222
100 1 _aOrtega Gámez, Natalia
_922809
245 1 0 _aLos tejedores /
_cNatalia Ortega Gámez, Ricardo Ariel Toribio Genao
260 _aSantiago de los Caballeros :
_bCentro Cultural Eduardo León Jimenes,
_c2021.
300 _a117 p. :
_bil. ;
_c26 cm.
600 _922811
600 _922812
600 _922813
600 _922814
600 _922815
600 _922816
600 _922817
650 _93742
650 4 _aPoesía amorosa colombia
_922810
650 4 _91244
700 _aToribio Genao, Ricardo Ariel
_eautor
_982539
830 0 _910699
910 _aDG
942 _2ddc
_cLBS1
999 _c52568
_d52568